[Event "Titled Tuesday intern op 10th Nov"]
[Site "Chess.com INT"]
[Date "2020.11.10"]
[Round "4"]
[White "Jeran, Bostjan"]
[Black "Benitez Lozano, Javier"]
[Result "0-1"]
[WhiteElo "2205"]
[BlackElo "2350"]
[PlyCount "138"]
[EventDate "2020.11.10"]
[EventType "swiss (blitz)"]
[EventRounds "11"]
[EventCountry "USA"]
[SourceTitle "CBM 199 Extra"]
[Source "ChessBase"]
[SourceDate "2021.01.31"]
[SourceVersion "1"]
[SourceVersionDate "2021.01.31"]
[SourceQuality "1"]

1. e4 c5 2. Nf3 e6 3. d3 Nc6 4. Nbd2 Nf6 5. g3 g6 6. Bg2 Bg7 7. 0-0 0-0 8. c3 b5 9. Re1 d6 10. d4 Bb7 11. Nb3 Na5 12. dxc5 Nxb3 13. Qxb3 Nxe4 14. Qxb5 Nxc5 15. Be3 Ba6 16. Qb4 Nd3 17. Qa3 Nxe1 18. Rxe1 Bb7 19. Rd1 Bd5 20. c4 Bxc4 21. Rxd6 Qb8 22. Nd2 Bxb2 23. Qc5 Rc8 24. Rc6 Bd5 25. Bxd5 exd5 26. Qxd5 Rxc6 27. Qxc6 Bg7 28. h4 Qc8 29. Qd5 a5 30. a4 Qa6 31. h5 Rc8 32. h6 Bf8 33. Ne4 Be7 34. Bg5 Qe6 35. Qxe6 fxe6 36. Bxe7 Rc4 37. Ng5 Rxa4 38. Bf6 Ra2 39. Bg7 a4 40. Nxe6 Re2 41. Nd4 Re1+ 42. Kg2 a3 43. Kf3 a2 44. Nc2 Rc1 45. Na1 Kf7 46. Ke2 Ke6 47. Kd2 Rf1 48. Ke2 Rb1 49. Bd4 Kf5 50. f3 Kg5 51. Bg7 Kh5 52. Ke3 Kg5 53. Kd2 Kf5 54. Kc2 Rf1 55. Nb3 Ke6 56. g4 Kd5 57. g5 Rxf3 58. Nd2 Rf2 59. Bc3 Rg2 60. Bf6 Ke6 61. Bc3 Kf5 62. Kb3 Rxg5 63. Kxa2 Rh5 64. Bg7 Rh2 65. Kb3 Rxd2 66. Kc3 Rd7 67. Kc4 g5 68. Kc5 g4 69. Kc6 Rd1 0-1

[Event "Titled Tuesday intern op 10th Nov"]
[Site "Chess.com INT"]
[Date "2020.11.10"]
[Round "7"]
[White "Vlassov, Nikolai"]
[Black "Jeran, Bostjan"]
[Result "1-0"]
[WhiteElo "2331"]
[BlackElo "2205"]
[PlyCount "91"]
[EventDate "2020.11.10"]
[EventType "swiss (blitz)"]
[EventRounds "11"]
[EventCountry "USA"]
[SourceTitle "CBM 199 Extra"]
[Source "ChessBase"]
[SourceDate "2021.01.31"]
[SourceVersion "1"]
[SourceVersionDate "2021.01.31"]
[SourceQuality "1"]

1. e4 c5 2. c3 d5 3. exd5 Qxd5 4. d4 Nf6 5. Nf3 e6 6. a3 Be7 7. Be3 cxd4 8. cxd4 Nc6 9. Nc3 Qa5 10. b4 Qc7 11. Rc1 a6 12. Qc2 0-0 13. Bd3 h6 14. 0-0 Rd8 15. Qd2 Bf8 16. Rfd1 Bd7 17. Bf4 Qb6 18. Na4 Qa7 19. Bc7 Rdc8 20. Bb6 Qb8 21. Nc5 Be8 22. Ne4 Nd7 23. Bc5 Nxc5 24. dxc5 Ne5 25. Nxe5 Qxe5 26. Bb1 Ba4 27. Re1 Rd8 28. Qe3 Bc6 29. f4 Qd4 30. Kf2 Qxe3+ 31. Kxe3 Rd7 32. Red1 Rad8 33. Bc2 f5 34. Nc3 Bxg2 35. Bb3 Kf7 36. Rxd7+ Rxd7 37. h4 Be7 38. h5 Bf6 39. Ne2 Be4 40. Bc4 Ke7 41. Rg1 Bb2 42. a4 Kf6 43. Rg6+ Kf7 44. Bxe6+ Ke7 45. Bxd7 Kxd7 46. Nd4 1-0

[Event "Titled Tuesday intern op 9th June"]
[Site "Chess.com INT"]
[Date "2020.06.09"]
[Round "3"]
[White "Citra, Dewi Ardhiani Anast"]
[Black "Jeran, Bostjan"]
[Result "0-1"]
[WhiteElo "2238"]
[BlackElo "2205"]
[PlyCount "144"]
[EventDate "2020.06.09"]
[EventType "swiss (blitz)"]
[EventRounds "10"]
[EventCountry "USA"]
[SourceTitle "CBM 196 Extra"]
[Source "ChessBase"]
[SourceDate "2020.07.31"]
[SourceVersion "1"]
[SourceVersionDate "2020.07.31"]
[SourceQuality "1"]

1. d4 d6 2. Nc3 Nf6 3. e4 g6 4. Bf4 Bg7 5. Qd2 h5 6. 0-0-0 c6 7. Nf3 Bg4 8. Be2 Qa5 9. h3 Bxf3 10. Bxf3 Nbd7 11. Kb1 e5 12. dxe5 dxe5 13. Bg5 0-0-0 14. Qe3 Nc5 15. Be2 Qb4 16. a3 Qb6 17. Bc4 Ne6 18. Bxe6+ fxe6 19. Qe2 Rd4 20. Be3 Rhd8 21. Bxd4 exd4 22. Na2 e5 23. Rd3 c5 24. Rg3 Ne8 25. Rd1 Bh6 26. Qc4 Bf4 27. Rb3 Qc6 28. g3 Bg5 29. f3 h4 30. gxh4 Bxh4 31. Rg1 g5 32. Rb5 b6 33. Nb4 Qd7 34. Na6 Nd6 35. Qxc5+ Kb7 36. Qd5+ Kxa6 37. Rb4 Nf7 38. Qb3 Kb7 39. a4 Rc8 40. a5 Rc6 41. axb6 Rxb6 42. Rxb6+ axb6 43. Rd1 Nd6 44. Qd5+ Qc6 45. Qxe5 Nb5 46. Qe7+ Ka6 47. Qa3+ Nxa3+ 48. bxa3 Bf2 49. Rd3 Be3 50. Rb3 Qc4 51. a4 Qxa4 52. Kb2 Qc4 53. Ra3+ Kb7 54. Rb3 Qe2 55. e5 Qxf3 56. Rd3 Qe4 57. e6 Qxe6 58. h4 gxh4 59. c4 dxc3+ 60. Rxc3 Bc5 61. Rb3 Qe2+ 62. Kb1 Qd1+ 63. Ka2 Qxb3+ 64. Kxb3 h3 65. Ka4 h2 66. Kb3 h1Q 67. Kc4 Qc6 68. Kb3 Ka6 69. Kc4 Qe4+ 70. Kb3 Kb5 71. Ka2 Qc2+ 72. Ka1 Bd4# 0-1

[Event "Titled Tuesday intern op 9th June"]
[Site "Chess.com INT"]
[Date "2020.06.09"]
[Round "9"]
[White "Jeran, Bostjan"]
[Black "Parvanyan, Ashot"]
[Result "0-1"]
[WhiteElo "2205"]
[BlackElo "2449"]
[PlyCount "172"]
[EventDate "2020.06.09"]
[EventType "swiss (blitz)"]
[EventRounds "10"]
[EventCountry "USA"]
[SourceTitle "CBM 196 Extra"]
[Source "ChessBase"]
[SourceDate "2020.07.31"]
[SourceVersion "1"]
[SourceVersionDate "2020.07.31"]
[SourceQuality "1"]

1. e4 e5 2. Nf3 Nc6 3. Bb5 g6 4. d3 Bg7 5. Nc3 a6 6. Ba4 d6 7. h3 Nf6 8. a3 0-0 9. Bb3 h6 10. Be3 Qe7 11. Qd2 Kh7 12. g4 Nd7 13. Ne2 Nc5 14. Bd5 Be6 15. Ng3 Bxd5 16. exd5 Nd4 17. Ng1 f5 18. gxf5 gxf5 19. Bxd4 exd4+ 20. N1e2 f4 21. Ne4 Nxe4 22. dxe4 Qxe4 23. 0-0-0 f3 24. Nxd4 Qxd5 25. Rhg1 Qxd4 26. Qxd4 Bxd4 27. Rxd4 Rae8 28. Rc4 Rf7 29. Rb4 Re2 30. Rf1 b6 31. a4 a5 32. Rg4 Rfe7 33. Rgg1 R7e4 34. b3 Rd4 35. Rg3 Rdd2 36. Rxf3 Rxc2+ 37. Kb1 Rb2+ 38. Ka1 Ra2+ 39. Kb1 Reb2+ 40. Kc1 Ra1+ 41. Kxb2 Rxf1 42. Rf7+ Kg6 43. Rxc7 Rxf2+ 44. Ka3 Rf6 45. Rc6 d5 46. Rc8 Rd6 47. Kb2 d4 48. Kc2 Kf5 49. Kd3 Ke5 50. h4 Kf4 51. Rg8 Ke5 52. h5 Kd5 53. Rg4 Kc5 54. Rg6 Rd5 55. Rxh6 Rg5 56. Rh8 Rg3+ 57. Kc2 Rg2+ 58. Kd3 Rg3+ 59. Kc2 Kb4 60. Rb8 d3+ 61. Kd2 Kxb3 62. Rxb6+ Kxa4 63. Rd6 Rh3 64. h6 Kb4 65. Rd4+ Kc5 66. Rxd3 Rxh6 67. Ra3 Kb4 68. Rf3 Rc6 69. Rf4+ Kb3 70. Rf3+ Kb2 71. Rf5 a4 72. Rb5+ Ka2 73. Rb4 a3 74. Rb5 Ka1 75. Kd1 a2 76. Rb4 Rc8 77. Kd2 Rh8 78. Kc2 Rh2+ 79. Kc1 Rh1+ 80. Kc2 Rb1 81. Ra4 Rb2+ 82. Kc1 Rb8 83. Kc2 Rc8+ 84. Kd1 Kb2 85. Rb4+ Ka3 86. Rb7 a1Q+ 0-1

[Event "EU-ch Online U2300 Qual"]
[Site "Chess.com INT"]
[Date "2020.05.25"]
[Round "4"]
[White "Akca, Gani Eren"]
[Black "Jeran, Bostjan"]
[Result "1-0"]
[WhiteElo "2142"]
[BlackElo "2205"]
[PlyCount "59"]
[EventDate "2020.05.25"]
[EventType "swiss"]
[EventRounds "8"]
[EventCountry "NET"]
[SourceTitle "EXT 2021"]
[Source "ChessBase"]
[SourceDate "2020.10.23"]
[SourceVersion "1"]
[SourceVersionDate "2020.10.23"]
[SourceQuality "1"]

1. e4 d6 2. d4 Nf6 3. Nc3 g6 4. Be3 Bg7 5. f3 c6 6. Qd2 Qa5 7. 0-0-0 b5 8. Kb1 a6 9. Bh6 Bxh6 10. Qxh6 Be6 11. d5 Bd7 12. Nge2 c5 13. e5 dxe5 14. Ne4 Nxe4 15. fxe4 Bg4 16. Qg7 Rf8 17. Qxe5 Nd7 18. Qg3 h5 19. h3 Bxe2 20. Bxe2 0-0-0 21. e5 Qc7 22. d6 exd6 23. exd6 Qb6 24. Bf3 Rde8 25. Rhe1 Qd8 26. Qf4 Qf6 27. Qd2 Qd8 28. Rxe8 Rxe8 29. Qd5 Nb6 30. Qb7# 1-0

[Event "EU-ch Online U2300 Qual"]
[Site "Chess.com INT"]
[Date "2020.05.25"]
[Round "1"]
[White "Jeran, Bostjan"]
[Black "Berin, Artem"]
[Result "0-1"]
[WhiteElo "2205"]
[BlackElo "1881"]
[PlyCount "94"]
[EventDate "2020.05.25"]
[EventType "swiss"]
[EventRounds "8"]
[EventCountry "NET"]
[SourceTitle "EXT 2021"]
[Source "ChessBase"]
[SourceDate "2020.10.23"]
[SourceVersion "1"]
[SourceVersionDate "2020.10.23"]
[SourceQuality "1"]

1. Nf3 Nf6 2. g3 e6 3. Bg2 d5 4. 0-0 Be7 5. c4 0-0 6. b3 c6 7. Bb2 Nbd7 8. Qc2 Qc7 9. d3 Re8 10. a3 a5 11. Nc3 Bf8 12. Rac1 Qb8 13. Qb1 Ra6 14. Nd2 b5 15. cxb5 cxb5 16. a4 bxa4 17. bxa4 Bb4 18. Rfd1 Rb6 19. Qa1 Ba6 20. Nf3 Rc8 21. Nd4 e5 22. Nf3 d4 23. Na2 Bd6 24. Rxc8+ Bxc8 25. Bc1 Nc5 26. Nd2 Nxa4 27. h3 Be6 28. Rf1 Nd5 29. Bxd5 Bxd5 30. e3 dxe3 31. fxe3 Qc8 32. Kh2 Qc2 33. Rf2 Qxa2 34. Qxa2 Bxa2 35. Ne4 Bd5 36. Nxd6 Rxd6 37. Ba3 Rb6 38. e4 Be6 39. g4 h6 40. Rd2 Rb3 41. Bd6 Rb2 42. Rxb2 Nxb2 43. Bxe5 Nxd3 44. Bc3 a4 45. Kg3 a3 46. Kf3 a2 47. Ke3 Nc1 0-1

[Event "SLO-chT Central 20th"]
[Site "Slovenia"]
[Date "2019.09.12"]
[Round "1.1"]
[White "Marn, Jan"]
[Black "Jeran, Bostjan"]
[Result "1-0"]
[WhiteElo "2198"]
[BlackElo "2201"]
[PlyCount "107"]
[EventDate "2019.09.12"]
[EventType "team-tourn"]
[EventRounds "7"]
[EventCountry "SLO"]
[SourceTitle "EXT 2024"]
[Source "ChessBase"]
[SourceDate "2023.10.10"]
[SourceVersion "1"]
[SourceVersionDate "2023.10.10"]
[SourceQuality "1"]
[WhiteTeam "Menges Trzin"]
[BlackTeam "Bor Dob"]
[WhiteTeamCountry "SLO"]
[BlackTeamCountry "SLO"]

1. d4 Nf6 2. Nf3 g6 3. g3 Bg7 4. Bg2 0-0 5. 0-0 d6 6. c4 Nbd7 7. Nc3 c6 8. e4 e5 9. Re1 Qa5 10. a3 exd4 11. Nxd4 Re8 12. Be3 Nb6 13. Nb3 Qh5 14. Qxh5 Nxh5 15. Na5 Re5 16. c5 dxc5 17. f4 Re8 18. Bxc5 Bxc3 19. bxc3 Na4 20. Bd4 c5 21. Bf2 Rb8 22. e5 a6 23. c4 b5 24. Rab1 Bf5 25. Rb3 Bc2 26. Rbe3 Ng7 27. Rc1 Bf5 28. Rb3 bxc4 29. Rxb8 Rxb8 30. Nxc4 Ne6 31. Nd6 Rb1 32. Rxb1 Bxb1 33. Bf1 a5 34. Be1 Ba2 35. Bc4 Bxc4 36. Nxc4 Kf8 37. Bxa5 Ke7 38. Kf2 Kd7 39. Ke3 Kc6 40. Bd2 Kd5 41. Kd3 Nd4 42. g4 Nf3 43. h3 h5 44. Ba5 Ng1 45. Ne3+ Kc6 46. f5 gxf5 47. gxh5 Nf3 48. Nxf5 Kd5 49. Bc7 c4+ 50. Kc2 Ke4 51. h6 c3 52. Ba5 Nxe5 53. h7 Ng6 54. Nd6+ 1-0

[Event "SLO-chT Central 19th"]
[Site "Slovenia"]
[Date "2018.10.18"]
[Round "6.1"]
[White "Jeran, Bostjan"]
[Black "Debevec, Blaz"]
[Result "1-0"]
[WhiteElo "2180"]
[BlackElo "2188"]
[PlyCount "53"]
[EventDate "2018.09.13"]
[EventType "team-tourn"]
[EventRounds "7"]
[EventCountry "SLO"]
[SourceTitle "EXT 2021"]
[Source "ChessBase"]
[SourceDate "2020.10.23"]
[SourceVersion "1"]
[SourceVersionDate "2020.10.23"]
[SourceQuality "1"]
[WhiteTeam "Bor Dob"]
[BlackTeam "Komenda Popotnik"]
[WhiteTeamCountry "SLO"]
[BlackTeamCountry "SLO"]

1. c4 e5 2. Nc3 d6 3. g3 f5 4. d4 e4 5. f3 exf3 6. Nxf3 Nf6 7. Bg2 Be7 8. 0-0 0-0 9. Qb3 c6 10. Bf4 Kh8 11. Rae1 Nh5 12. Bc1 Qb6 13. e3 Nd7 14. Qd1 Ndf6 15. e4 fxe4 16. Nxe4 Bf5 17. Neg5 Rae8 18. Ne6 Bxe6 19. Rxe6 Bd8 20. Ng5 g6 21. Rxe8 Rxe8 22. Nf7+ Kg8 23. Nxd6 Rf8 24. c5 Qa6 25. Bh6 Ng7 26. Qb3+ Kh8 27. Nf7+ 1-0

[Event "SLO-chT Central 19th"]
[Site "Slovenia"]
[Date "2018.10.04"]
[Round "4.1"]
[White "Jeran, Bostjan"]
[Black "Coklin, Marko"]
[Result "1/2-1/2"]
[WhiteElo "2180"]
[BlackElo "2216"]
[PlyCount "68"]
[EventDate "2018.09.13"]
[EventType "team-tourn"]
[EventRounds "7"]
[EventCountry "SLO"]
[SourceTitle "EXT 2021"]
[Source "ChessBase"]
[SourceDate "2020.10.23"]
[SourceVersion "1"]
[SourceVersionDate "2020.10.23"]
[SourceQuality "1"]
[WhiteTeam "Bor Dob"]
[BlackTeam "Trzin Buscotrade"]
[WhiteTeamCountry "SLO"]
[BlackTeamCountry "SLO"]

1. d4 Nf6 2. Bg5 Ne4 3. Bf4 d5 4. f3 Nf6 5. Nc3 e6 6. e4 Bb4 7. e5 Nfd7 8. a3 Be7 9. Be3 c5 10. f4 cxd4 11. Bxd4 Nc6 12. Be3 f6 13. Nf3 0-0 14. Bd3 fxe5 15. Nxe5 Ndxe5 16. fxe5 Nxe5 17. Bxh7+ Kxh7 18. Qh5+ Kg8 19. Qxe5 Bf6 20. Qh5 Bd7 21. 0-0-0 Bxc3 22. bxc3 Qe7 23. Rhf1 Qxa3+ 24. Kd2 a5 25. g4 Rxf1 26. Rxf1 Rf8 27. Rxf8+ Qxf8 28. Qe5 a4 29. Bd4 a3 30. g5 a2 31. c4 a1Q 32. Bxa1 Qf2+ 33. Kd1 Qf1+ 34. Kd2 Qf2+ 1/2-1/2

[Event "SLO-chT Central 19th"]
[Site "Slovenia"]
[Date "2018.09.20"]
[Round "2.1"]
[White "Jelen, Igor"]
[Black "Jeran, Bostjan"]
[Result "1-0"]
[WhiteElo "2342"]
[BlackElo "2180"]
[PlyCount "55"]
[EventDate "2018.09.13"]
[EventType "team-tourn"]
[EventRounds "7"]
[EventCountry "SLO"]
[SourceTitle "EXT 2021"]
[Source "ChessBase"]
[SourceDate "2020.10.23"]
[SourceVersion "1"]
[SourceVersionDate "2020.10.23"]
[SourceQuality "1"]
[WhiteTeam "Ig"]
[BlackTeam "Bor Dob"]
[WhiteTeamCountry "SLO"]
[BlackTeamCountry "SLO"]

1. d4 d5 2. c4 c6 3. Nf3 Nf6 4. e3 Bg4 5. h3 Bxf3 6. Qxf3 e6 7. Nc3 Bb4 8. Bd3 Nbd7 9. 0-0 0-0 10. Rd1 Qe7 11. a3 Bd6 12. e4 e5 13. c5 Bb8 14. exd5 cxd5 15. Nxd5 Nxd5 16. Qxd5 Nf6 17. Qc4 exd4 18. Qxd4 Rc8 19. Be3 Be5 20. Qh4 Bxb2 21. Bxh7+ Kf8 22. Rab1 Rd8 23. Bd3 Qe5 24. Bf4 Qc3 25. Qh8+ Ng8 26. Bd6+ Rxd6 27. cxd6 Qxa3 28. Bh7 1-0

[Event "SLO-chT2 West"]
[Site "Komenda"]
[Date "2017.11.12"]
[Round "4.2"]
[White "Jovan, Romuald"]
[Black "Jeran, Bostjan"]
[Result "0-1"]
[WhiteElo "1914"]
[BlackElo "2214"]
[PlyCount "94"]
[EventDate "2017.11.11"]
[EventType "team-tourn"]
[EventRounds "7"]
[EventCountry "SLO"]
[SourceTitle "EXT 2019"]
[Source "ChessBase"]
[SourceDate "2018.10.10"]
[SourceVersion "1"]
[SourceVersionDate "2018.10.10"]
[SourceQuality "1"]
[WhiteTeam "Radovljica"]
[BlackTeam "Ljubljana Duol II"]
[WhiteTeamCountry "SLO"]
[BlackTeamCountry "SLO"]

1. d4 Nf6 2. c4 g6 3. Nc3 d5 4. Nf3 Bg7 5. e3 0-0 6. Be2 c6 7. Ne5 Nbd7 8. f4 Ne4 9. 0-0 Ndf6 10. a4 Be6 11. a5 Qc7 12. Bd2 Rad8 13. cxd5 Nxc3 14. bxc3 cxd5 15. Qb3 Ne4 16. Qc2 Rd6 17. Bd3 Nxd2 18. Qxd2 Rc8 19. Ra3 f6 20. Nf3 Rc6 21. Rc1 a6 22. e4 Qd6 23. Raa1 dxe4 24. Bxe4 Bd5 25. Bxd5+ Qxd5 26. Ra3 Bh6 27. Kf2 Qd6 28. Qa2+ Kg7 29. g3 Rc4 30. Qb2 Qd5 31. Rb3 R4c7 32. Qa3 Kf7 33. Rb4 Bf8 34. Qb3 e6 35. Rb6 Re8 36. c4 Qd7 37. Re1 Re7 38. c5 Rc6 39. Rb4 Kg7 40. h4 Rf7 41. g4 e5 42. fxe5 fxe5 43. Rxe5 Rcf6 44. Re3 Qxg4 45. d5 Rxf3+ 46. Rxf3 Rxf3+ 47. Qxf3 Bxc5+ 0-1

[Event "SLO-chT Central 18th"]
[Site "Slovenia"]
[Date "2017.10.26"]
[Round "7.1"]
[White "Krumpak, Hinko"]
[Black "Jeran, Bostjan"]
[Result "1/2-1/2"]
[WhiteElo "2112"]
[BlackElo "2214"]
[PlyCount "70"]
[EventDate "2017.09.14"]
[EventType "team-tourn"]
[EventRounds "7"]
[EventCountry "SLO"]
[SourceTitle "EXT 2019"]
[Source "ChessBase"]
[SourceDate "2018.10.10"]
[SourceVersion "1"]
[SourceVersionDate "2018.10.10"]
[SourceQuality "1"]
[WhiteTeam "Visnja Gora Sticna"]
[BlackTeam "Bor Dob"]
[WhiteTeamCountry "SLO"]
[BlackTeamCountry "SLO"]

1. Nf3 g6 2. d4 Bg7 3. b3 c5 4. e3 Nf6 5. Bb2 cxd4 6. Nxd4 0-0 7. Be2 Qa5+ 8. Qd2 Qc7 9. Nc3 a6 10. 0-0-0 b5 11. Bf3 Bb7 12. e4 d6 13. Nd5 Bxd5 14. exd5 Nbd7 15. Nc6 Rfe8 16. Rhe1 Nc5 17. Qa5 Qxa5 18. Nxa5 Rac8 19. Nc6 Kf8 20. g3 h5 21. h4 Bh6+ 22. Kb1 Ng4 23. Re2 f6 24. Bxg4 hxg4 25. Nd4 Kf7 26. h5 f5 27. hxg6+ Kxg6 28. f3 Bg5 29. fxg4 fxg4 30. Ne6 Bf6 31. Nxc5 dxc5 32. Re6 c4 33. Bxf6 exf6 34. Rxa6 cxb3 35. axb3 Re2 1/2-1/2

[Event "SLO-chT Central 18th"]
[Site "Slovenia"]
[Date "2017.10.12"]
[Round "5.1"]
[White "Debevec, Blaz"]
[Black "Jeran, Bostjan"]
[Result "1/2-1/2"]
[WhiteElo "2196"]
[BlackElo "2214"]
[PlyCount "64"]
[EventDate "2017.09.14"]
[EventType "team-tourn"]
[EventRounds "7"]
[EventCountry "SLO"]
[SourceTitle "EXT 2019"]
[Source "ChessBase"]
[SourceDate "2018.10.10"]
[SourceVersion "1"]
[SourceVersionDate "2018.10.10"]
[SourceQuality "1"]
[WhiteTeam "Komenda Popotnik"]
[BlackTeam "Bor Dob"]
[WhiteTeamCountry "SLO"]
[BlackTeamCountry "SLO"]

1. e4 c5 2. Nc3 e6 3. f4 d5 4. Nf3 dxe4 5. Nxe4 Be7 6. d3 Nf6 7. g3 b6 8. Bg2 Bb7 9. Qe2 0-0 10. Bd2 Nc6 11. 0-0-0 Qc7 12. Kb1 Rac8 13. c4 Rfd8 14. Bc3 Nd4 15. Bxd4 cxd4 16. Nfg5 b5 17. cxb5 Nd5 18. Rc1 Qb6 19. Qh5 h6 20. Qxf7+ Kh8 21. Nxe6 Rxc1+ 22. Rxc1 Rg8 23. Bh3 Qxb5 24. Bf5 Ba3 25. Rc2 Ne7 26. g4 Nxf5 27. gxf5 Bxe4 28. dxe4 Qf1+ 29. Rc1 Qd3+ 30. Rc2 Qd1+ 31. Rc1 Qd3+ 32. Rc2 Qd1+ 1/2-1/2

[Event "SLO-chT Central 18th"]
[Site "Slovenia"]
[Date "2017.10.05"]
[Round "4.1"]
[White "Jeran, Bostjan"]
[Black "Jelen, Igor"]
[Result "0-1"]
[WhiteElo "2214"]
[BlackElo "2379"]
[PlyCount "70"]
[EventDate "2017.09.14"]
[EventType "team-tourn"]
[EventRounds "7"]
[EventCountry "SLO"]
[SourceTitle "EXT 2019"]
[Source "ChessBase"]
[SourceDate "2018.10.10"]
[SourceVersion "1"]
[SourceVersionDate "2018.10.10"]
[SourceQuality "1"]
[WhiteTeam "Bor Dob"]
[BlackTeam "Ig"]
[WhiteTeamCountry "SLO"]
[BlackTeamCountry "SLO"]

1. d4 Nf6 2. Bg5 Ne4 3. Bf4 d5 4. f3 Nf6 5. Nc3 c5 6. e3 a6 7. dxc5 Nc6 8. a3 e5 9. Bg5 Bxc5 10. Bxf6 Qxf6 11. Nxd5 Qh4+ 12. g3 Qd8 13. Ne2 0-0 14. b4 Ba7 15. c4 Be6 16. Nec3 f5 17. Qd2 f4 18. exf4 Nd4 19. Qd3 Bf5 20. Ne4 b5 21. Qc3 Rc8 22. Rc1 bxc4 23. Nc5 Bxc5 24. bxc5 Rxc5 25. Ne3 Be6 26. Nc2 Qf6 27. Kf2 Rb8 28. fxe5 Qxf3+ 29. Qxf3 Nxf3 30. Be2 Nxe5 31. Nb4 Rf8+ 32. Ke3 a5 33. Nc2 Nc6 34. Rhf1 Re5+ 35. Kd2 Rd8+ 0-1

[Event "PRO League Stage"]
[Site "Chess.com INT"]
[Date "2017.02.11"]
[Round "5"]
[White "Boros, Denes"]
[Black "Jeran, Bostjan"]
[Result "1-0"]
[WhiteElo "2444"]
[BlackElo "2236"]
[PlyCount "47"]
[EventDate "2017.01.11"]
[EventType "team-swiss (rapid)"]
[EventRounds "7"]
[EventCountry "USA"]
[SourceTitle "CBM 176 Extra"]
[Source "ChessBase"]
[SourceDate "2017.03.02"]
[SourceVersion "1"]
[SourceVersionDate "2017.03.02"]
[SourceQuality "1"]
[WhiteTeam "Webster Windmills"]
[BlackTeam "Ljubljana Direwolves"]
[WhiteTeamCountry "USA"]
[BlackTeamCountry "SLO"]

1. d4 Nf6 2. c4 c6 3. g3 d5 4. Bg2 Bf5 5. Nc3 e6 6. Qb3 Qb6 7. c5 Qxb3 8. axb3 Nbd7 9. b4 e5 10. Nf3 exd4 11. Nxd4 Be6 12. Bf4 Be7 13. 0-0 0-0 14. Nb3 Rfc8 15. Na5 b6 16. cxb6 axb6 17. Nxc6 Kf8 18. Nxe7 Kxe7 19. Rad1 Rc4 20. Nxd5+ Nxd5 21. Bxd5 Bxd5 22. Rxd5 Ra2 23. Rfd1 Nf6 24. Re5+ 1-0

[Event "PRO League Stage"]
[Site "Chess.com INT"]
[Date "2017.02.11"]
[Round "5"]
[White "Durarbayli, Vasif"]
[Black "Jeran, Bostjan"]
[Result "1-0"]
[WhiteElo "2616"]
[BlackElo "2236"]
[PlyCount "71"]
[EventDate "2017.01.11"]
[EventType "team-swiss (rapid)"]
[EventRounds "7"]
[EventCountry "USA"]
[SourceTitle "CBM 176 Extra"]
[Source "ChessBase"]
[SourceDate "2017.03.02"]
[SourceVersion "1"]
[SourceVersionDate "2017.03.02"]
[SourceQuality "1"]
[WhiteTeam "Webster Windmills"]
[BlackTeam "Ljubljana Direwolves"]
[WhiteTeamCountry "USA"]
[BlackTeamCountry "SLO"]

1. e4 c5 2. Ne2 d6 3. g3 Nc6 4. Bg2 e6 5. 0-0 Nf6 6. d4 cxd4 7. Nxd4 Qc7 8. Nb5 Qb8 9. Bg5 a6 10. Bxf6 gxf6 11. Nd4 Bd7 12. Nc3 h5 13. h4 Ne5 14. a4 Qc7 15. Nde2 Bh6 16. a5 Rc8 17. b4 Ke7 18. Kh1 Qc4 19. Rb1 Bb5 20. Rb3 Nc6 21. Nxb5 Qxb5 22. f4 Rhg8 23. Kh2 f5 24. c4 Qxc4 25. exf5 Bg7 26. fxe6 fxe6 27. Re1 Bf6 28. Re3 e5 29. Bd5 Qxb4 30. Rb3 Qxa5 31. Rxb7+ Rc7 32. Rxc7+ Qxc7 33. Bxg8 Kf8 34. Bd5 exf4 35. Nxf4 Nd4 36. Qxd4 1-0

[Event "PRO League Stage"]
[Site "Chess.com INT"]
[Date "2017.02.11"]
[Round "5"]
[White "Jeran, Bostjan"]
[Black "Shimanov, Aleksandr"]
[Result "0-1"]
[WhiteElo "2236"]
[BlackElo "2642"]
[PlyCount "50"]
[EventDate "2017.01.11"]
[EventType "team-swiss (rapid)"]
[EventRounds "7"]
[EventCountry "USA"]
[SourceTitle "CBM 176 Extra"]
[Source "ChessBase"]
[SourceDate "2017.03.02"]
[SourceVersion "1"]
[SourceVersionDate "2017.03.02"]
[SourceQuality "1"]
[WhiteTeam "Ljubljana Direwolves"]
[BlackTeam "Webster Windmills"]
[WhiteTeamCountry "SLO"]
[BlackTeamCountry "USA"]

1. Nf3 Nf6 2. d4 d5 3. Bg5 e6 4. e3 Be7 5. Nbd2 b6 6. Bd3 Bb7 7. 0-0 Nbd7 8. a4 a6 9. Re1 Ne4 10. Bf4 g5 11. Bg3 h5 12. h3 Nxg3 13. fxg3 g4 14. Nh2 gxh3 15. gxh3 c5 16. c3 Qc7 17. Ndf1 0-0-0 18. Qf3 f5 19. Qf2 Rdg8 20. Kh1 Bd6 21. Be2 Nf6 22. Bf3 Bxg3 23. Nxg3 Rxg3 24. Rg1 Rxh3 25. Rg6 Ng4 0-1

[Event "PRO League Eastern"]
[Site "Chess.com INT"]
[Date "2017.02.01"]
[Round "4"]
[White "Jeran, Bostjan"]
[Black "Cawdery, Daniel"]
[Result "0-1"]
[WhiteElo "2236"]
[BlackElo "2418"]
[PlyCount "48"]
[EventDate "2017.01.11"]
[EventType "team-swiss (rapid)"]
[EventRounds "7"]
[EventCountry "USA"]
[SourceTitle "CBM 176 Extra"]
[Source "ChessBase"]
[SourceDate "2017.03.02"]
[SourceVersion "1"]
[SourceVersionDate "2017.03.02"]
[SourceQuality "1"]
[WhiteTeam "Ljubljana Direwolves"]
[BlackTeam "Johannesburg Koeksisters"]
[WhiteTeamCountry "SLO"]
[BlackTeamCountry "RSA"]

1. e4 c5 2. Nf3 Nc6 3. Bb5 Nf6 4. d3 g6 5. Bxc6 dxc6 6. h3 Bg7 7. Nc3 0-0 8. Be3 Nd7 9. Qd2 Qb6 10. Rb1 Rd8 11. 0-0 Qc7 12. b3 b6 13. Na4 Nf8 14. Bh6 Ne6 15. Nh2 Bxh6 16. Qxh6 b5 17. Nb2 Nd4 18. Qd2 Bxh3 19. c3 Bxg2 20. Kxg2 Qxh2+ 21. Kxh2 Nf3+ 22. Kg3 Nxd2 23. f4 Nxb1 24. Rxb1 f6 0-1

[Event "PRO League Eastern"]
[Site "Chess.com INT"]
[Date "2017.02.01"]
[Round "4"]
[White "Oberholzer, Francois"]
[Black "Jeran, Bostjan"]
[Result "1/2-1/2"]
[WhiteElo "2034"]
[BlackElo "2236"]
[PlyCount "86"]
[EventDate "2017.01.11"]
[EventType "team-swiss (rapid)"]
[EventRounds "7"]
[EventCountry "USA"]
[SourceTitle "CBM 176 Extra"]
[Source "ChessBase"]
[SourceDate "2017.03.02"]
[SourceVersion "1"]
[SourceVersionDate "2017.03.02"]
[SourceQuality "1"]
[WhiteTeam "Johannesburg Koeksisters"]
[BlackTeam "Ljubljana Direwolves"]
[WhiteTeamCountry "RSA"]
[BlackTeamCountry "SLO"]

1. e4 e5 2. Nf3 Nf6 3. Nxe5 d6 4. Nf3 Nxe4 5. Nc3 Nxc3 6. dxc3 Be7 7. Be3 Nc6 8. Qd2 0-0 9. 0-0-0 Ne5 10. Bd4 Nc6 11. Be3 Ne5 12. Bd4 Nxf3 13. gxf3 c5 14. Be3 Be6 15. a3 Kh8 16. Bd3 d5 17. Rdg1 Rg8 18. h4 Rc8 19. Bh6 f5 20. Bg5 c4 21. Re1 Bxg5 22. hxg5 cxd3 23. Rxe6 Rc6 24. g6 Re8 25. Rxh7+ Kg8 26. Rxc6 bxc6 27. cxd3 Qf6 28. Rh3 f4 29. Qd1 Qxg6 30. Qh1 Re2 31. Rh8+ Kf7 32. Qh2 Qf5 33. Rh5 Qxd3 34. Qxf4+ Ke6 35. Qg4+ Kd6 36. Qf4+ Ke6 37. Qg4+ Kd6 38. Qf4+ Ke6 39. Qg4+ Kd6 40. Qf4+ Kd7 41. Qg4+ Kd6 42. Qf4+ Ke6 43. Qg4+ Kd6 1/2-1/2